Hop nebo trop? (Řízení finančních rizik)

Motívy pre riadenie finančných rizík. Základná klasifikácia finančných rizík. Profesia manažéra finančných rizík.

Enregistré dans:
Détails bibliographiques
Auteur principal: Novotný, Václav
Format: Chapitre de livre
Langue:tchèque
Sujets:
Tags: Ajouter un tag
Pas de tags, Soyez le premier à ajouter un tag!

MARC

LEADER 00000naa a2200000 4500
001 r039573
005 20231002100929.2
041 0 |a cze 
044 |a CZ 
245 1 0 |a Hop nebo trop?  |b (Řízení finančních rizik)  |c Václav Novotný 
520 |a Motívy pre riadenie finančných rizík. Základná klasifikácia finančných rizík. Profesia manažéra finančných rizík. 
610 2 0 |a riziko podnikateľské 
610 2 0 |a riadenie zmien 
610 2 0 |a riadenie operatívne 
610 2 0 |a manažéri 
610 2 0 |a reštrukturalizácia finančná 
100 1 |a Novotný, Václav